[Event "Primorsko Goranska op"]
[Site "Rijeka"]
[Date "2001.??.??"]
[Round "2"]
[White "Pehnec, Milan"]
[Black "Loncar, Robert"]
[Result "0-1"]
[WhiteElo "2165"]
[BlackElo "2453"]
[PlyCount "72"]
[EventDate "2001.09.06"]
[EventType "swiss"]
[EventRounds "9"]
[EventCountry "YUG"]
[SourceTitle "EXT 2002"]
[Source "ChessBase"]
[SourceDate "2001.11.25"]
[SourceVersion "1"]
[SourceVersionDate "2001.11.25"]
[SourceQuality "1"]

1. d4 Nf6 2. c4 c5 3. d5 g6 4. Nc3 Bg7 5. Nf3 0-0 6. e4 d6 7. Be2 e6 8. 0-0 Re8 9. Nd2 Na6 10. Re1 Nc7 11. Bd3 b6 12. Nf1 exd5 13. exd5 Bg4 14. f3 Bd7 15. Bf4 Rxe1 16. Qxe1 Qf8 17. Qd2 Nh5 18. Be3 f5 19. Re1 Re8 20. Bf2 a6 21. Rxe8 Qxe8 22. Ne2 Qe5 23. b3 f4 24. g4 fxg3 25. Nfxg3 Ne8 26. Kg2 Nef6 27. Be4 Nxe4 28. Nxe4 Qf5 29. N4g3 Qh3+ 30. Kg1 Nxg3 31. Bxg3 Bh6 32. Qc3 Qf5 33. Bxd6 Qb1+ 34. Kf2 Bh3 35. Kg3 Bd7 36. Qf6 Qe1+ 0-1